000 00576nam a2200193Ia 4500
003 GCL
008 140319s9999 xx 000 0 ara d
040 _aGCL /
_cGCL
082 0 4 _aط
_b212
_bع ا
100 1 _aعزالدين فراج
245 1 0 _aالاسلام والنظافة /
_cعزالدين فراج
260 _a[S.N] :
_bدار الفكر العربى
300 _a13 ص
490 _aاداب الاسلام
_v0
650 0 4 _aالاخلاق الاسلامية
650 0 4 _aالاطفال
650 0 4 _aالشريعة الاسلامية
942 _2ddc
_cBK
999 _c56466
_d56466